The World reference encyclopedia

Bibliographic Details
Other Authors: Galbraith, J.K
Format: Book
Published: London : Galley Press , 1987
Subjects:

MARC

LEADER 00000cam a2200000 7i4500
001 0000000153
002 000000211
005 20000330.0
020 |a 086136631X 
090 0 0 |a 032.02   |b WOR 
245 0 4 |a The World reference encyclopedia   |c foreword by Professor J.K.Galbraith 
260 |a London :   |b Galley Press ,   |c 1987 
300 |a 256p. :   |b ill. ;   |c 28cm. 
650 0 0 |a Dictionaries and encyclopedias 
700 0 |a Galbraith, J.K.   |f Professor 
999 |a 027483   |b BUKU   |c RUJUKAN   |e PERPUSTAKAAN KOMUNITI PETALING JAYA